01099nam a2200241 i 450000100060000000300090000600500170001500700030003200800410003510000340007624502210011026000900033130000310042150501510045260000290060360000280063260000290066070000250068970000360071470000280075071000550077885200240083334766ES-MaACL20250818174206.0t|030211s1962 sp ||||1| spa d1 aBonnín Aguiló, Francisco.10aMateo Rotger y Capllonch / c[por Francisco Bonnín Aguiló y Miguel Bota Totxó], Juan Guiraud y Rotger [por Bernardo Cifre Forteza], Lorenzo Cerdá y Bisbal [por José Vidal Isern], ilustres hijos de Pollensa. aPalma de Mallorca : bCaja de Ahorros y Monte de Piedad de Baleares : bAlfa, c1962. a41 p., 3 lám. ; c22 cm.8 aContiene: Guiraud y Rotger, poeta pollensín / por Bernardo Cifre Forteza - Lorenzo Cerdá y Bisbal, pintor de Pollensa / por José Vidal Isern14aRotger Capllonch, Mateo.14aGuiraud y Rotger, Juan.14aSerda y Bisbal, Lorenzo.1 aVidal Isern, José.1 aBota Totxo, Miquel, d1920-20051 aCifre, Bernat (d1935-)2 aCaja de Ahorros y Monte de Piedad de las Baleares. aES-MaACLj2029-F-21